[Event "IRI-ch sf"]
[Site "Tehran"]
[Date "2005.08.08"]
[Round "6"]
[White "Rezai, Iraj"]
[Black "Lamei, Hossein"]
[Result "0-1"]
[WhiteElo "2259"]
[BlackElo "2091"]
[PlyCount "66"]
[EventDate "2005.08.03"]
[EventType "swiss"]
[EventRounds "9"]
[EventCountry "IRI"]
[SourceTitle "EXT 2006"]
[Source "ChessBase"]
[SourceDate "2005.11.24"]
[SourceVersion "1"]
[SourceVersionDate "2005.11.24"]
[SourceQuality "1"]

1. d4 Nf6 2. c4 e6 3. Nf3 b6 4. g3 Bb7 5. Bg2 Be7 6. Nc3 Ne4 7. 0-0 0-0 8. d5 Nxc3 9. bxc3 c5 10. e4 d6 11. e5 exd5 12. cxd5 Nd7 13. Bf4 dxe5 14. Nxe5 Nxe5 15. Bxe5 Bd6 16. f4 Bxe5 17. fxe5 Qg5 18. Qe2 Rae8 19. Rae1 f6 20. e6 Bxd5 21. Bh3 Re7 22. Rf5 Qh6 23. Rh5 Bc4 24. Qf3 Qd2 25. Qe4 g6 26. Rh4 Bd5 27. Qb1 Qxc3 28. Qd1 Bxa2 29. Rhe4 f5 30. R4e2 Bc4 31. Rc2 Qb3 32. Bg2 Bd3 33. Ree2 Bxe2 0-1

[Event "IRI-ch sf"]
[Site "Tehran"]
[Date "2005.08.07"]
[Round "5"]
[White "Lamei, Hossein"]
[Black "Sheikhi, Mohammad"]
[Result "1-0"]
[WhiteElo "2091"]
[BlackElo "2211"]
[PlyCount "79"]
[EventDate "2005.08.03"]
[EventType "swiss"]
[EventRounds "9"]
[EventCountry "IRI"]
[SourceTitle "EXT 2006"]
[Source "ChessBase"]
[SourceDate "2005.11.24"]
[SourceVersion "1"]
[SourceVersionDate "2005.11.24"]
[SourceQuality "1"]

1. e4 c5 2. d4 cxd4 3. c3 d5 4. exd5 Qxd5 5. cxd4 e5 6. Nf3 Bg4 7. Be2 exd4 8. 0-0 Nc6 9. Nc3 Qd7 10. Nxd4 Bxe2 11. Qxe2+ Be7 12. Ndb5 0-0-0 13. Bf4 g5 14. Bg3 Qd3 15. Nxa7+ Nxa7 16. Qe5 Bd6 17. Qxh8 Qg6 18. Qd4 Nc6 19. Qb6 Nge7 20. Rac1 Bf4 21. Nb5 Rd7 22. Na7+ Kb8 23. Nxc6+ Nxc6 24. Bxf4+ gxf4 25. Rfe1 Nd8 26. Qxg6 hxg6 27. Red1 Rxd1+ 28. Rxd1 Kc7 29. Kf1 Ne6 30. Ke2 Kc6 31. Kd3 Nc5+ 32. Kd4 Kd6 33. b4 Na4 34. Kc4+ Ke5 35. Re1+ Kf6 36. Kb5 Nc3+ 37. Kb6 Nxa2 38. b5 Nc3 39. Rc1 Ne2 40. Rc4 1-0

[Event "IRI-ch sf"]
[Site "Tehran"]
[Date "2005.08.05"]
[Round "3"]
[White "Asadi, Sadegh"]
[Black "Lamei, Hossein"]
[Result "1-0"]
[WhiteElo "2190"]
[BlackElo "2091"]
[PlyCount "71"]
[EventDate "2005.08.03"]
[EventType "swiss"]
[EventRounds "9"]
[EventCountry "IRI"]
[SourceTitle "EXT 2006"]
[Source "ChessBase"]
[SourceDate "2005.11.24"]
[SourceVersion "1"]
[SourceVersionDate "2005.11.24"]
[SourceQuality "1"]

1. e4 e5 2. Nc3 Nf6 3. g3 Nc6 4. Bg2 Bc5 5. d3 d6 6. Na4 Bg4 7. f3 Be6 8. Nxc5 dxc5 9. Ne2 Qe7 10. 0-0 0-0-0 11. f4 exf4 12. Nxf4 Bg4 13. Qe1 c4 14. Be3 Rhe8 15. h3 Bd7 16. Qf2 Kb8 17. Bc5 Qe5 18. d4 Qg5 19. e5 Ng8 20. c3 Nge7 21. h4 Qh6 22. Nh3 Qg6 23. Ng5 Bf5 24. Bxc6 Qxc6 25. Bxe7 Rxe7 26. Qxf5 h6 27. Nh3 Qb6 28. Rf2 c5 29. Qf4 Ka8 30. Rd1 Qe6 31. Qf5 Qa6 32. d5 Red7 33. Nf4 g5 34. hxg5 hxg5 35. Qxg5 Rh8 36. Qf6 1-0

[Event "IRI-chT"]
[Site "Iran"]
[Date "2005.06.09"]
[Round "4"]
[White "Kheiri, AR."]
[Black "Lamei, Hossein"]
[Result "1-0"]
[WhiteElo "2193"]
[BlackElo "2075"]
[PlyCount "89"]
[EventDate "2005.05.26"]
[EventType "team"]
[EventRounds "11"]
[EventCountry "IRI"]
[SourceTitle "CBM 106 Extra"]
[Source "ChessBase"]
[SourceDate "2005.07.01"]
[SourceVersion "1"]
[SourceVersionDate "2005.07.01"]
[SourceQuality "1"]

1. e4 e5 2. Nf3 Nc6 3. Bb5 a6 4. Ba4 Nf6 5. Qe2 Be7 6. c3 b5 7. Bc2 d6 8. 0-0 0-0 9. d4 Bg4 10. Rd1 Qc8 11. h3 Bh5 12. a4 exd4 13. cxd4 Rb8 14. axb5 axb5 15. Nc3 b4 16. Nd5 Bd8 17. Nf4 Bg6 18. Nxg6 hxg6 19. e5 Ne8 20. Qe4 Ne7 21. Ng5 Nf5 22. Bb3 Bxg5 23. Bxg5 Kh7 24. g4 Nh6 25. Be7 Rg8 26. e6 f5 27. Qe2 Rh8 28. Bh4 c6 29. Bg3 Rb7 30. Ra4 d5 31. Rc1 Qd8 32. Rxc6 Ng8 33. Bc2 Ne7 34. Rc5 b3 35. Bd3 Nf6 36. gxf5 gxf5 37. Be5 Qe8 38. Ra1 Ne4 39. Bxe4 fxe4 40. Kh2 Kg8 41. Rg1 Rh7 42. Qg4 Rb6 43. Bxg7 Ng6 44. Bf6 Rxe6 45. Rc8 1-0